| 000 | 00980nam a22002057a 4500 | ||
|---|---|---|---|
| 008 | 111129s2003 ua||||| |||| 00| 0 ara d | ||
| 020 | _a9772942607 | ||
| 082 |
_222 _a379.62 _bح ا م |
||
| 100 |
_927940 _aحامد، نجلاء محمد |
||
| 245 |
_aالتربية والتعليم في مصر : _bدراسة تاريخية تحليلية / _cنجلاء محمد حامد، أماني عبد القادر محمد. |
||
| 250 | _aط.1 | ||
| 260 |
_aالقاهرة : _bمركز الكتاب للنشر، _c2003. |
||
| 300 |
_a380 ص. ؛ _c24 سم. |
||
| 504 | _aيشتمل على إرجاعات ببليوجرافية :ص 353-380 | ||
| 650 |
_913701 _aالتعليم _xتاريخ _zمصر |
||
| 653 |
_bAra _cNovember2011 |
||
| 700 |
_927941 _aمحمد، امانى عبد القادر |
||
| 942 |
_2ddc _cBB |
||
| 999 |
_c16277 _d16277 |
||